000 00593nam a22002057a 4500
003 DO-SdBNP
005 20210830113406.0
007 ta
008 210830e2017 dr ||||gr|||| 000 0dspa d
040 _aDO-SdBNP
_bspa
_cBNPHU
041 _hspa
082 _bE561s
100 1 _943300
_aEncarnación Genery, Eligio Ant.
_d1952-
245 1 3 _aSin miedo a fallar /
_bEligio Ant. Encarnación
260 _aSanto Domingo :
_bDescreative/Taller publicitario,
_c2017
300 _a126 p.;
_b21 cm
500 _aIncluye biografía del autor.
590 _aInvnetariado 2021 / MF
942 _2ddc
_cLBS1
999 _c50324
_d50324